Gems for English learners : (Record no. 81766)

MARC details
000 -LEADER
fixed length control field 00550nam a22001817a 4500
005 - DATE AND TIME OF LATEST TRANSACTION
control field 20140113102806.0
010 ## - LCCN (DPL NO)
LC control number ENG-109061
020 ## - INTERNATIONAL STANDARD BOOK NUMBER
International Standard Book Number 9788189331092
Terms of availability 250.00
035 ## - SYSTEM CONTROL NUMBER
System control number EN-92594
037 ## - SOURCE OF ACQUISITION
Source of stock number/acquisition DBAD/PUB
082 ## - DEWEY DECIMAL CLASSIFICATION NUMBER
Classification number 808.882
100 ## - MAIN ENTRY--PERSONAL NAME
Personal name Verma, T.L.
245 ## - TITLE STATEMENT
Title Gems for English learners :
Statement of responsibility, etc by T.L. Verma
Remainder of title sentences and quotations /
260 ## - PUBLICATION, DISTRIBUTION, ETC. (IMPRINT)
Place of publication, distribution, etc Chandigarh
Name of publisher, distributor, etc Enkay Enterprises
Date of publication, distribution, etc 2010
270 ## - ADDRESS
Address SCO 49-51, Basement, Sector 17C
City Chandigarh
Postal code 160017
300 ## - PHYSICAL DESCRIPTION
Extent 208p.
Dimensions 22cm(pbk)
942 ## - ADDED ENTRY ELEMENTS (KOHA)
Source of classification or shelving scheme Dewey Decimal Classification
Item type English Books
Call number suffix VER
Classification part 808.882
Holdings
Withdrawn status Lost status Not for loan Collection code Home library Current library Date acquired Source of acquisition Cost, normal purchase price Full call number Barcode Copy number Cost, replacement price Koha item type
    Not For Loan Non-fiction D.B.Act.Division D.B.Act.Division 09/01/2014 DBAD/PUB 250.00 808.882 VER EN-92594 1 250.00 English Books

© Delhi Public Library
Hit Counter
free hit counter